La jeune parque : (Record no. 80831)

MARC details
000 -LEADER
campo de control de longitud fija 01112cam a2200349Mu 4500
001 - NÚMERO DE CONTROL
campo de control 96164
005 - FECHA Y HORA DE LA ÚLTIMA TRANSACCIÓN
campo de control 20230410130818.0
008 - DATOS DE LONGITUD FIJA--INFORMACIÓN GENERAL
campo de control de longitud fija 090323r19741996fr b 001 m fre d
035 ## - NÚMERO DE CONTROL DEL SISTEMA
Número de control de sistema (OCoLC)ocn602207733
040 ## - FUENTE DE CATALOGACIÓN
Centro catalogador/agencia de origen SzZUIDS
Lengua de catalogación ger
Centro/agencia transcriptor CHVBK
020 ## - NÚMERO INTERNACIONAL ESTÁNDAR DEL LIBRO
Número Internacional Estándar del Libro 2070317927
020 ## - NÚMERO INTERNACIONAL ESTÁNDAR DEL LIBRO
Número Internacional Estándar del Libro 9782070317929
029 1# - OTRO NÚMERO DE CONTROL DE SISTEMA (OCLC)
Identificador de la biblioteca OCLC CHVBK
Número de control de sistema 020448805
029 1# - OTRO NÚMERO DE CONTROL DE SISTEMA (OCLC)
Identificador de la biblioteca OCLC DEBBG
Número de control de sistema BV035723569
035 ## - NÚMERO DE CONTROL DEL SISTEMA
Número de control de sistema (OCoLC)602207733
050 14 - SIGNATURA TOPOGRÁFICA DE LA BIBLIOTECA DEL CONGRESO
Número de clasificación PQ 2643
Número de ítem V166j 1974
049 ## - FONDOS LOCALES (OCLC)
Biblioteca depositaria GRAL
100 1# - ENTRADA PRINCIPAL--NOMBRE DE PERSONA
Nombre de persona Valery, Paul,
Fechas asociadas al nombre 1871-1945.
245 13 - MENCIÓN DEL TÍTULO
Título La jeune parque :
Resto del título L'Ange ; Agathe ; Histoires brisées /
Mención de responsabilidad, etc. Paul Valéry ; préface et commentaire de Jean Levaillant.
260 ## - PUBLICACIÓN, DISTRIBUCIÓN, ETC.
Lugar de publicación, distribución, etc. Paris, France :
Nombre del editor, distribuidor, etc. Editions Gallimard,
Fecha de publicación, distribución, etc. 1974.
300 ## - DESCRIPCIÓN FÍSICA
Extensión 187 p. ;
Dimensiones 18 cm.
440 #0 - MENCIÓN DE SERIE/PUNTO DE ACCESO ADICIONAL--TÍTULO
Título Collection Poésie ;
Designación de volumen o secuencia 102
504 ## - NOTA DE BIBLIOGRAFÍA, ETC.
Nota de bibliografía, etc. Include bibliographie referent (p.187-[188]) et index
650 #0 - PUNTO DE ACCESO ADICIONAL DE MATERIA--TÉRMINO DE MATERIA
Término de materia o nombre geográfico como elemento de entrada Valéry, Paul,
Fechas vigentes 1871-1945
Subdivisión general Poémes en Prose
650 #0 - PUNTO DE ACCESO ADICIONAL DE MATERIA--TÉRMINO DE MATERIA
Término de materia o nombre geográfico como elemento de entrada Manuscripts, French
Subdivisión geográfica France
Subdivisión general Facsimiles
650 #4 - PUNTO DE ACCESO ADICIONAL DE MATERIA--TÉRMINO DE MATERIA
Término de materia o nombre geográfico como elemento de entrada CES
650 #4 - PUNTO DE ACCESO ADICIONAL DE MATERIA--TÉRMINO DE MATERIA
Término de materia o nombre geográfico como elemento de entrada Colección Enriquillo Sánchez
700 1# - ENTRADA AGREGADA--NOMBRE PERSONAL
Nombre de persona Levaillant, Jean
942 ## - ELEMENTOS DE ENTRADA SECUNDARIOS (KOHA)
Fuente del sistema de clasificación o colocación Clasificación de Library of Congress
Tipo de ítem Koha
946 ## - PROCESAMIENTO DE INFORMACIÓN LOCAL (OCLC)
a mjcruz
994 ## -
-- C0
-- DRFGD
Holdings
Estatus retirado Estado de pérdida Fuente del sistema de clasificación o colocación Estado de daño No para préstamo Colección Biblioteca de origen Biblioteca actual Ubicación en estantería Fecha de adquisición Serial enumeration / chronology Signatura topográfica completa Código de barras Visto por última vez Copia número Tipo de ítem Koha
    Clasificación de Library of Congress     Humanidades Biblioteca Juan Bosch Biblioteca Juan Bosch Humanidades (4to. Piso) 10/04/2023 1 PQ 2643 V166j 1974 00000090277 25/10/2018 1